At Home Among The Atoms / (Record no. 183410)
[ view plain ]
| 000 -LEADER | |
|---|---|
| fixed length control field | 00884 a2200169 4500 |
| 003 - CONTROL NUMBER IDENTIFIER | |
| control field | NUST |
| 005 - DATE AND TIME OF LATEST TRANSACTION | |
| control field | 20230712105445.0 |
| 040 ## - CATALOGING SOURCE | |
| Transcribing agency | Nust |
| 082 ## - DEWEY DECIMAL CLASSIFICATION NUMBER | |
| Classification number | 540,KEN |
| 100 ## - MAIN ENTRY--PERSONAL NAME | |
| Personal name | Kendall, James |
| 9 (RLIN) | 113562 |
| 245 ## - TITLE STATEMENT | |
| Title | At Home Among The Atoms / |
| Statement of responsibility, etc. | james Kendall |
| 260 ## - PUBLICATION, DISTRIBUTION, ETC. | |
| Place of publication, distribution, etc. | London |
| Name of publisher, distributor, etc. | G Bell |
| Date of publication, distribution, etc. | 1930 |
| 300 ## - PHYSICAL DESCRIPTION | |
| Extent | 269;p. |
| 505 ## - FORMATTED CONTENTS NOTE | |
| Formatted contents note | The Alchemist (Page-1), A Mica Mine in India (Page-16), Clear Fused Quartz Window (Page-22), John Dalton (Page-68), Dr. Priestley’s House and Laboratory (Page-83), Lavoisier Arrested (Page-86), Typical Laue Photographs (Page-105), Arrangement of Atoms (Page-108), Atomic Hydrogen (Page-122), Modern Cathode Ray Tube (Page-130), Electrolytic Refining of Copper(Page-161), Dmitri Ivanovitch Mendeljeff (Page-176), The Laboratory (Page-182), Madam Curie in Her Laboratory (Page-189). |
| 650 ## - SUBJECT ADDED ENTRY--TOPICAL TERM | |
| Topical term or geographic name entry element | At Home Among The Atoms |
| 9 (RLIN) | 113563 |
| 942 ## - ADDED ENTRY ELEMENTS (KOHA) | |
| Source of classification or shelving scheme | |
| Koha item type | Book |
| Call number prefix | 540,KEN |
| Withdrawn status | Lost status | Source of classification or shelving scheme | Damaged status | Not for loan | Permanent Location | Current Location | Shelving location | Date acquired | Full call number | Barcode | Date last seen | Price effective from | Koha item type | Public note |
|---|---|---|---|---|---|---|---|---|---|---|---|---|---|---|
| Military College of Signals (MCS) | Military College of Signals (MCS) | General Stacks | 12/12/2016 | 540,KEN | MCS29079 | 12/08/2016 | 12/12/2016 | Book | Almirah No.77, Shelf No.4 |
